Fundamentals of fluid mechanics / (Record no. 527626)
[ view plain ]
| 000 -LEADER | |
|---|---|
| fixed length control field | 00982pam a2200289 a 4500 |
| 001 - CONTROL NUMBER | |
| control field | 4851064 |
| 003 - CONTROL NUMBER IDENTIFIER | |
| control field | NUST |
| 005 - DATE AND TIME OF LATEST TRANSACTION | |
| control field | 20190802071640.0 |
| 008 - FIXED-LENGTH DATA ELEMENTS--GENERAL INFORMATION | |
| fixed length control field | 910416s1992 maua b 001 0 eng |
| 010 ## - LIBRARY OF CONGRESS CONTROL NUMBER | |
| LC control number | 91015912 |
| 020 ## - INTERNATIONAL STANDARD BOOK NUMBER | |
| International Standard Book Number | 0201183587 |
| 038 ## - RECORD CONTENT LICENSOR | |
| Staff Name | SMME |
| 040 ## - CATALOGING SOURCE | |
| Original cataloging agency | DLC |
| Transcribing agency | DLC |
| Modifying agency | DLC |
| 050 00 - LIBRARY OF CONGRESS CALL NUMBER | |
| Classification number | TA357 |
| Item number | .G46 1992 |
| 082 00 - DEWEY DECIMAL CLASSIFICATION NUMBER | |
| Classification number | 620.106 |
| Edition number | 20 |
| Author Mark | GER |
| 100 1# - MAIN ENTRY--PERSONAL NAME | |
| Personal name | Gerhart, Philip M. |
| 9 (RLIN) | 18976 |
| 245 10 - TITLE STATEMENT | |
| Title | Fundamentals of fluid mechanics / |
| Statement of responsibility, etc. | Philip M. Gerhart, Richard J. Gross, John I. Hochstein. |
| 260 ## - PUBLICATION, DISTRIBUTION, ETC. | |
| Place of publication, distribution, etc. | Reading, Mass. : |
| Name of publisher, distributor, etc. | Wiley, |
| Date of publication, distribution, etc. | 2017 |
| 300 ## - PHYSICAL DESCRIPTION | |
| Extent | xx, 983 p. : |
| Other physical details | ill. (some col.) ; |
| Dimensions | 25 cm. |
| 504 ## - BIBLIOGRAPHY, ETC. NOTE | |
| Bibliography, etc. note | Includes bibliographical references and index. |
| 650 #0 - SUBJECT ADDED ENTRY--TOPICAL TERM | |
| Topical term or geographic name entry element | Fluid mechanics. |
| 9 (RLIN) | 1678 |
| 700 1# - ADDED ENTRY--PERSONAL NAME | |
| Personal name | Gross, Richard J. |
| 9 (RLIN) | 18977 |
| 700 1# - ADDED ENTRY--PERSONAL NAME | |
| Personal name | Hochstein, John I. |
| 9 (RLIN) | 18978 |
| 906 ## - LOCAL DATA ELEMENT F, LDF (RLIN) | |
| a | 7 |
| b | cbc |
| c | orignew |
| d | 1 |
| e | ocip |
| f | 19 |
| g | y-gencatlg |
| 942 ## - ADDED ENTRY ELEMENTS (KOHA) | |
| Source of classification or shelving scheme | |
| Koha item type | Book |
| Withdrawn status | Lost status | Source of classification or shelving scheme | Damaged status | Not for loan | Permanent Location | Current Location | Date acquired | Total Checkouts | Total Renewals | Full call number | Barcode | Checked out | Date last seen | Date last checked out | Price effective from | Koha item type |
|---|---|---|---|---|---|---|---|---|---|---|---|---|---|---|---|---|
| School of Mechanical & Manufacturing Engineering (SMME) | School of Mechanical & Manufacturing Engineering (SMME) | 08/02/2019 | 6 | 2 | 620.106 GER | SMME-3470 | 12/19/2025 | 10/08/2025 | 10/08/2025 | 08/02/2019 | Book |
